|
|
|
|
| LEADER |
00000nab a2200000 a 4500 |
| 001 |
vtls009350848 |
| 003 |
SK-MaSNL |
| 005 |
20260303054850.0 |
| 008 |
081021c1973 xo 0 cze |
| 015 |
|
|
|a SNBRB1973
|
| 040 |
|
|
|a SNKBUCL
|b slo
|c SNKBUCL
|e AACR2
|
| 041 |
0 |
|
|a slo
|
| 044 |
|
|
|a xo
|c SK
|
| 080 |
|
|
|a 796.333
|x (437)
|2 1997
|
| 100 |
1 |
|
|a Belohlávek, Milan
|4 aut
|9 1049490
|
| 245 |
1 |
0 |
|a Jubilant rezkejšie!
|b (50. výročie čs. rugby)
|c Milan Belohlávek
|
| 650 |
0 |
7 |
|a ragby
|2 snkbucl
|9 72819
|
| 655 |
|
7 |
|a články z novín a časopisov
|2 snkbucl
|9 267496
|
| 773 |
0 |
|
|a Štart
|g Roč. 18, č. 22 (1973), s. 12
|
| 850 |
|
|
|a Slovenská národná knižnica v Martine
|
| 852 |
|
|
|a SNK
|b KIS3GCP
|
| 999 |
|
|
|c 1724962
|d 1726892
|